000 00509nam a22001817a 4500
005 20170629145931.0
010 _aENG-119042
020 _c200.00
035 _aEN-102574
037 _bDBAD/PUB
082 _a301.153
245 _aOn Gandhi /
_cedited by Suparna Gooptu
260 _aCalcutta
_bGadhian Studies Centre
_c2012
270 _a1, Reformatory Street
_bKolkata
_e700065
300 _axiii,335p.:
_c21cm(Hb)
_bill
700 _aGooptu, Suparna
942 _2ddc
_cEN
_h301.153
_mGAN
999 _c142166
_d142166